Bulan luka parah : (Record no. 17204)

MARC details
000 -LEADER
fixed length control field 00628nam a2200229 i 4500
001 - CONTROL NUMBER
control field C2-0085625
003 - CONTROL NUMBER IDENTIFIER
control field PPAK
005 - DATE AND TIME OF LATEST TRANSACTION
control field 20180727090603.0
008 - FIXED-LENGTH DATA ELEMENTS--GENERAL INFORMATION
fixed length control field 970430s1986 io |||| ||||| | may d
040 ## - CATALOGING SOURCE
Original cataloging agency PPAK
Language of cataloging eng
Transcribing agency PPAK
Description conventions rda
082 04 - DEWEY DECIMAL CLASSIFICATION NUMBER
Classification number 899.231
Edition number 23
090 00 - LOCALLY ASSIGNED LC-TYPE CALL NUMBER (OCLC); LOCAL CALL NUMBER (RLIN)
Classification number (OCLC) (R) ; Classification number, CALL (RLIN) (NR) 899.231
Feature heading DJA
Feature heading KIH
100 1# - MAIN ENTRY--PERSONAL NAME
Personal name Djamaluddin, Husni,
Relator term author
245 10 - TITLE STATEMENT
Title Bulan luka parah :
Remainder of title kumpulan puisi
264 #1 - PRODUCTION, PUBLICATION, DISTRIBUTION, MANUFACTURE, AND COPYRIGHT NOTICE
Place of production, publication, distribution, manufacture Jakarta, Indonesia :
Name of producer, publisher, distributor, manufacturer Puisi Indonesia ,
Date of production, publication, distribution, manufacture, or copyright notice 1986
300 ## - PHYSICAL DESCRIPTION
Extent 63 pages ;
Dimensions 21 cm
336 ## - CONTENT TYPE
Source rdacontent
Content type term text
337 ## - MEDIA TYPE
Source rdamedia
Media type term unmediated
338 ## - CARRIER TYPE
Source rdacarrier
Carrier type term volume
650 10 - SUBJECT ADDED ENTRY--TOPICAL TERM
Topical term or geographic name entry element Malay poetry
942 ## - ADDED ENTRY ELEMENTS (KOHA)
-- dc
Koha item type Book
Holdings
Withdrawn Not for loan Current library Shelving location Date acquired Total Checkouts Full call number Barcode Date last seen Koha item type
  Not For Loan Perpustakaan Alor Setar Koleksi Ismail Hussein 23/02/2011   KIH 899.231 DJA A00175780 08/05/2018 Book
  Not For Loan Perpustakaan Alor Setar Koleksi Ismail Hussein 23/02/2011   KIH 899.231 DJA A00175493 08/05/2018 Book
  Not For Loan Perpustakaan Alor Setar Koleksi Ismail Hussein 23/01/2001   KIH 899.231 DJA A00179278 08/05/2018 Book